Documentos impresos por acuerdo del supremo poder conservador, para manifestar lo ocurrido, con ocasión de la última ley sobre ladrones sancionada en 13 de Marzo de 1840

Detalles Bibliográficos
Formato: Libro
Lenguaje:Undetermined
Spanish
Publicado: México 1840
Materias:
Colección:Banco de datos
Acervo:Biblioteca Fenando Tola de Habich. Colección bibliográfica
Descripción Física:51 p., [1] h. 21. 5 cm.
Notas:Presenta portada y contra portada ilustradas
LEADER 00677nam a2200157Ia 4500
008 150723s9999 xx 000 0 und d
041 0 |a spa 
245 1 0 |a Documentos impresos por acuerdo del supremo poder conservador, para manifestar lo ocurrido, con ocasión de la última ley sobre ladrones sancionada en 13 de Marzo de 1840 
260 |a México  |b Impreso Ignacio Cumplido, calle de Rebeldes número 2  |c 1840 
300 |a 51 p., [1] h.  |c 21. 5 cm.  
500 |a Presenta portada y contra portada ilustradas 
651 4 |a México Causa criminal Siglo XIX 
852 |a 1434 
942 |c TOLALIB 
943 |g Biblioteca Fenando Tola de Habich. Colección bibliográfica 
999 |c 990780  |d 990780